Chennai Airport (MAA) Destinations - Statistics

General Stats
  • This quiz has been taken 313 times
  • The average score is 28 of 63
Answer Stats
Airlines City/Airport % Correct
Air India, Akasa Air, GoAir, IndiGo, Spicejet, Vistara Mumbai (BOM)
96%
Air India, IndiGo, Spicejet, Vistara New Delhi (DEL)
95%
Air India, Emirates, flydubai, IndiGo Dubai (DXB)
94%
Thai Airways Bangkok (BKK)
90%
Air Asia Bangkok (DMK)
90%
IndiGo, Qatar Airways Doha (DOH)
90%
British Airways London Heathrow (LHR)
90%
Air Arabia, Etihad, IndiGo Abu Dhabi (AUH)
88%
Air India, Air India Express, IndiGo, Singapore Airlines Singapore (SIN)
88%
Air France Paris (CDG)
87%
IndiGo, US-Bangla Airlines Dhaka (DAC)
84%
Air Asia, IndiGo, Malaysia Airlines Kuala Lumpur (KUL)
84%
Air Asia, Air India, Akasa Air, IndiGo Bengaluru (BLR)
83%
Air India, IndiGo, Jazeera Airways, Kuwait Airways Kuwait City (KWI)
83%
Air India, Sri Lankan Airlines, IndiGo Colombo (CMB)
82%
Ethiopian Airlines Addis Ababa (ADD)
81%
Air India, IndiGo, Spicejet Kolkata (CCU)
81%
Air Asia, Alliance Air, IndiGo Hyderabad (HYD)
78%
Lufthansa Frankfurt (FRA)
77%
IndiGo, Omanair Muscat (MCT)
76%
Myanmar Airways Yangon (RGN)
71%
IndiGo Ahmedabad (AMD)
68%
IndiGo Jaipur (JAI)
63%
Cathay Pacific Hong Kong (HKG)
62%
IndiGo Pune (PNQ)
62%
IndiGo Lucknow (LKO)
54%
IndiGo Goa (GOI)
44%
IndiGo Surat (STV)
40%
IndiGo Nagpur (NAG)
38%
Akasa Air, IndiGo Kochi (COK)
37%
IndiGo Patna (PAT)
36%
Gulf Air Bahrain (BAH)
35%
IndiGo Indore (IDR)
32%
IndiGo Varanasi (VNS)
31%
Air India, IndiGo Coimbatore (CJB)
30%
Air Arabia Sharjah (SHJ)
30%
IndiGo Thiruvananthapuram (TRV)
26%
Go Air, IndiGo Visakhapatnam (VTZ)
26%
IndiGo Jodhpur (JDH)
25%
Air India, IndiGo, Spicejet Madurai (IXM)
25%
IndiGo Chandigarh (IXC)
23%
Alliance Air, IndiGo Mysuru (MYQ)
23%
IndiGo Bhubaneswar (BBI)
20%
IndiGo Dammam (DMM)
20%
IndiGo Kozhikode (CCJ)
20%
IndiGo Mangalore (IXE)
20%
Air Asia, IndiGo Guwuhati (GAU)
18%
IndiGo Raipur (RPR)
18%
Air India, GoAir, Indigo, Spicejet Port Blair (IXZ)
16%
IndiGo Vijayawada (VGA)
15%
IndiGo Ranchi (IXR)
14%
IndiGo Vadodara (BDQ)
14%
IndiGo Kannur (CNN)
12%
IndiGo Thiruchirapalli (TRZ)
12%
IndiGo Bagdogra (IXB)
11%
IndiGo Hubli (HBX)
8%
IndiGo Kadapa (CDP)
6%
IndiGo Tuticorin (TCR)
6%
IndiGo Rajahmundry (RJA)
5%
IndiGo, Spicejet Shirdi (SAG)
5%
SpiceJet Durgapur (RDP)
4%
IndiGo Kurnool (KJB)
4%
IndiGo Mopa (GOX)
0%
No matching quizzes found
Score Distribution
Percent of People with Each Score
Percentile by Number Answered
Your Score History
You have not taken this quiz